Financial Accounting and Reporting II (Record no. 351346)
[ view plain ]
| 000 -LEADER | |
|---|---|
| fixed length control field | 00535nam a22001937a 4500 |
| 003 - CONTROL NUMBER IDENTIFIER | |
| control field | OSt |
| 005 - DATE AND TIME OF LATEST TRANSACTION | |
| control field | 20180116183044.0 |
| 008 - FIXED-LENGTH DATA ELEMENTS--GENERAL INFORMATION | |
| fixed length control field | 160318b xxu||||| |||| 00| 0 eng d |
| 020 ## - INTERNATIONAL STANDARD BOOK NUMBER | |
| International Standard Book Number | 9789699330568 |
| 040 ## - CATALOGING SOURCE | |
| Transcribing agency | C A PAKISTAN |
| 082 ## - DEWEY DECIMAL CLASSIFICATION NUMBER | |
| Classification number | 657 CA 2013 |
| 100 ## - MAIN ENTRY--PERSONAL NAME | |
| Personal name | ICAP |
| 110 ## - MAIN ENTRY--CORPORATE NAME | |
| Corporate name or jurisdiction name as entry element | C A PAKISTAN |
| 245 ## - TITLE STATEMENT | |
| Title | Financial Accounting and Reporting II |
| Remainder of title | Question Bank (CAF- 07) |
| Statement of responsibility, etc. | C A PAKISTAN |
| 260 ## - PUBLICATION, DISTRIBUTION, ETC. | |
| Place of publication, distribution, etc. | PAKISTAN |
| Name of publisher, distributor, etc. | C A PAKISTAN |
| Date of publication, distribution, etc. | 2013 |
| 300 ## - PHYSICAL DESCRIPTION | |
| Extent | 238 p. |
| Other physical details | PB |
| 440 ## - SERIES STATEMENT/ADDED ENTRY--TITLE | |
| Title | Financial Accounting and Reporting II |
| 942 ## - ADDED ENTRY ELEMENTS (KOHA) | |
| Source of classification or shelving scheme | |
| Koha item type | Book |
| Withdrawn status | Lost status | Source of classification or shelving scheme | Damaged status | Not for loan | Collection code | Permanent Location | Current Location | Shelving location | Date acquired | Total Checkouts | Total Renewals | Full call number | Barcode | Date last seen | Date last checked out | Price effective from | Koha item type |
|---|---|---|---|---|---|---|---|---|---|---|---|---|---|---|---|---|---|
| Central Library (CL) | Central Library (CL) | General Stacks | 03/18/2016 | 4 | 4 | 657 CA 2013 | NBS10158 | 09/29/2025 | 12/16/2019 | 03/18/2016 | Book | ||||||
| Central Library (CL) | Central Library (CL) | General Stacks | 08/08/2018 | 2 | 657 CA 2013 | NBSD-3046 | 01/26/2022 | 07/12/2019 | 08/08/2018 | Book |
